000 00347nam a2200133Ia 4500
008 240624s9999 xx 000 0 und d
041 _aeng
082 _a658 KOC
100 _aKOCHAN THOMAS A
245 _aMANAGEMENT INVENTING AND DELIVERING ITS
260 _c2004
_aDelhi
_bPearson Education
300 _axiv, : 309 : p. : cm. ; 23
365 _cRS
999 _c1846
_d1846